000
00422nam a2200157Ia 4500
008
090123s9999 xx 000 0 und d
082
_b
23
_a
891.463/देसाई
100
_a
देसाई रणजित
245
_a
बारी
250
_a
0
600
_a
देसाई रणजित
630
_a
बारी
700
_a
देसाई रणजित
730
_a
बारी
942
_c
BOOK
999
_c
38113
_d
38113